000 00726nam a2200265Ia 4500
003 OSt
005 20220918164748.0
006 a|||||r|||| 00| 0
007 ta
008 220917b |||||||| |||| 00| 0 eng d
020 _a0745626351 (pbk)
024 _a176,959
037 _cTextual
040 _aARTS
_cARTS
_beng
041 _2eng
_aeng
082 _aYxN25, P1
100 _aBauman Zygmunt
_920529
245 0 _aCommunity
_b seeking safety in an insecure world
260 _aCambridge
_bCambridge Univeristy Press
_c2001
300 _a159p.
_ccm.
490 _aThemes for the 21st century
650 _aSOCIOLOGY
942 _hYxN25, P1
_cTEXL
_2CC
999 _c126398
_d126398